000 01578nam a2200289Ia 4500
999 _c53212
_d53212
001 20253
003 GE_BSU
005 20200727124930.0
008 181216s1980||||ge |||||||||||||| ||geo||
040 _cGE_BSU
041 _ageo
080 _a811.353.1'37 ღ-73
100 _aღლონტი, ალექსანდრე
_97842
245 _aფილოლოგის ჩანაწერები :
_bქართული ენის ლექსიკის, დიალექტოლოგიის და სიტყვათა წარმომავლობის საკითხები /
_cალექსანდრე ღლონტი ; რედ. ირ. არაბული.
264 _aთბილისი :
_bსაბჭ. საქართველო,
_c1980.
300 _a410 გვ. ;
_c 22 სმ.
500 _aპირთა საძიებელი : გვ.403-408
541 _h3ლ.40თ.
653 _aფილოლოგის ჩანაწერები
653 _aქართული ენა
653 _aქართული ენის ლექსიკა
653 _aქართული ენის დიალექტოლოგია
653 _aქართული ენის ლექსიკის
653 _aდიალექტოლოგიის და სიტყვათა წარმომავლობის საკითხები
700 _aარაბული, ირ.
_eრედაქტორი
_99046
942 _cBK
_2udc